La démocratie a l'Anglaise : (Record no. 30307)

MARC details
000 -LEADER
campo de control de longitud fija 00742nam a22002413 4500
001 - NÚMERO DE CONTROL
campo de control 72258
005 - FECHA Y HORA DE LA ÚLTIMA TRANSACCIÓN
campo de control 20230410105118.0
008 - DATOS DE LONGITUD FIJA--INFORMACIÓN GENERAL
campo de control de longitud fija 870305s1972 fr 000 0 fre d
035 ## - NÚMERO DE CONTROL DEL SISTEMA
Número de control de sistema (OCoLC)ocn185457224
040 ## - FUENTE DE CATALOGACIÓN
Centro catalogador/agencia de origen S3O
Lengua de catalogación swe
Centro/agencia transcriptor S3O
035 ## - NÚMERO DE CONTROL DEL SISTEMA
Número de control de sistema (OCoLC)185457224
084 ## - OTRO NÚMERO DE CLASIFICACIÓN
Número de clasificación Ocf-e.07
Fuente del número kssb/5
050 14 - SIGNATURA TOPOGRÁFICA DE LA BIBLIOTECA DEL CONGRESO
Número de clasificación Ch479d 1972
100 1# - ENTRADA PRINCIPAL--NOMBRE DE PERSONA
Nombre de persona Charlot, Monica.
245 03 - MENCIÓN DEL TÍTULO
Título La démocratie a l'Anglaise :
Resto del título les campagnes âelectorales en Grand-Bretagne depuis 1931.
260 ## - PUBLICACIÓN, DISTRIBUCIÓN, ETC.
Lugar de publicación, distribución, etc. Paris :
Nombre del editor, distribuidor, etc. Armand Colin,
Fecha de publicación, distribución, etc. 1972.
300 ## - DESCRIPCIÓN FÍSICA
Extensión 442 s.
440 #0 - MENCIÓN DE SERIE/PUNTO DE ACCESO ADICIONAL--TÍTULO
Título Cahiers de la Fondation nationale des sciences politiques,
Número Internacional Normalizado para Publicaciones Seriadas 99-0100087-4 ;
Designación de volumen o secuencia 185
650 #7 - PUNTO DE ACCESO ADICIONAL DE MATERIA--TÉRMINO DE MATERIA
Término de materia o nombre geográfico como elemento de entrada Val
Subdivisión geográfica England
Subdivisión cronológica 1931-70.
Fuente del encabezamiento o término KBslagord
942 ## - ELEMENTOS DE ENTRADA SECUNDARIOS (KOHA)
Fuente del sistema de clasificación o colocación Clasificación de Library of Congress
Tipo de ítem Koha
946 ## - PROCESAMIENTO DE INFORMACIÓN LOCAL (OCLC)
a mfcruz
994 ## -
-- C0
-- DRFGD
Holdings
Estatus retirado Estado de pérdida Fuente del sistema de clasificación o colocación Estado de daño No para préstamo Colección Biblioteca de origen Biblioteca actual Ubicación en estantería Fecha de adquisición Serial enumeration / chronology Signatura topográfica completa Código de barras Visto por última vez Tipo de ítem Koha
    Clasificación de Library of Congress     Recursos Regionales Biblioteca Juan Bosch Biblioteca Juan Bosch Recursos Regionales (2do. Piso) 10/04/2023 1 Ch479d 1972 00000070304 23/10/2018